Normal view MARC view
  • Farrington, Brian,

Entry Personal Name

Number of records used in: 1

001 - CONTROL NUMBER

  • control field: 27062

003 - CONTROL NUMBER IDENTIFIER

  • control field: NUST

005 - DATE AND TIME OF LATEST TRANSACTION

  • control field: 20191217103221.0

008 - FIXED-LENGTH DATA ELEMENTS

  • fixed length control field: 191217|| aca||aabn | a|a d

040 ## - CATALOGING SOURCE

  • Original cataloging agency: NUST
  • Transcribing agency: NUST

100 ## - HEADING--PERSONAL NAME

  • Personal name: Farrington, Brian,

670 ## - SOURCE DATA FOUND

  • Source citation: Work cat.: (NUST)0: Lysons, Kenneth, author. 27059, Procurement and supply chain management /
© 2023 Central Library, National University of Sciences and Technology. All Rights Reserved.